<?xml version="1.0" encoding="UTF-8"?>
<marc:record xmlns:marc="http://www.loc.gov/MARC21/slim">
   <marc:leader>00000nam a2200000 a 4500</marc:leader>
   <marc:datafield ind1=" " ind2=" " tag="653">
      <marc:subfield code="a">Kindersachbuch</marc:subfield>
   </marc:datafield>
   <marc:datafield ind1=" " ind2=" " tag="653">
      <marc:subfield code="a">Basteln</marc:subfield>
   </marc:datafield>
   <marc:datafield ind1="0" ind2="0" tag="245">
      <marc:subfield code="a">Art Attack - streng geheim</marc:subfield>
   </marc:datafield>
   <marc:datafield ind1="0" ind2="0" tag="245">
      <marc:subfield code="c">[Red.: Penelope York]</marc:subfield>
   </marc:datafield>
   <marc:datafield ind1=" " ind2="1" tag="264">
      <marc:subfield code="a">München [u.a.]</marc:subfield>
      <marc:subfield code="b">Dorling Kindersley</marc:subfield>
      <marc:subfield code="c">2003</marc:subfield>
   </marc:datafield>
   <marc:datafield ind1="1" ind2=" " tag="520">
      <marc:subfield code="a">Nach "Disneys Art Attack" und "Noch mehr Disneys Art Attack" mit - im wahrsten Sinne des Wortes - bunt gemischten Vorschlägen zum Basteln mit Pappe, Papier, Recyclingmaterial, Kleister und Farbe nun der 3. Bastelband in derselben attraktiven Aufmachung. Das Basismaterial entspricht dem der Vorgänger, doch jetzt stehen die Projekte unter dem Thema "streng geheim". Egal ob man sein Zimmer gegen ungebetene Eindringlinge abschirmen will, Geheimverstecke für wichtige Geheimnisse und Schätze braucht, jemanden im Spezial-Spion-Outfit observieren oder ihm eine top-secret-Nachricht schicken möchte, vielleicht aber auch nur auf originelle Weise ein Geschenk verpacken will, hier findet man "super-coole" Vorschläge dazu, die allerdings nicht gerade im Handumdrehen gebastelt sind. Die sehr gut illustrierten Anleitungen zeigen den Weg, doch sind je nach vorhandenem Materialfundus auch eigene Improvisation und Fantasie gefragt. siehe auch angefügten Link</marc:subfield>
   </marc:datafield>
   <marc:datafield ind1=" " ind2=" " tag="020">
      <marc:subfield code="a">9783831004959</marc:subfield>
      <marc:subfield code="9">9783831004959</marc:subfield>
   </marc:datafield>
   <marc:datafield ind1=" " ind2=" " tag="041">
      <marc:subfield code="a">ger</marc:subfield>
   </marc:datafield>
   <marc:datafield ind1=" " ind2=" " tag="300">
      <marc:subfield code="a">48 S. : überw. Ill.</marc:subfield>
   </marc:datafield>
</marc:record>
